[Event "IV Festival Costa Viola A"]
[Site "Sant'Eufemia d'Aspromonte ITA"]
[Date "2011.01.02"]
[Round "1"]
[White "Georgiev, Vladimir"]
[Black "Gangemi, Salvatore"]
[Result "1-0"]
[WhiteElo "2579"]
[BlackElo "2096"]
[PlyCount "69"]
[EventDate "2011.01.02"]

1. d4 Nf6 2. c4 g6 3. Nc3 d5 4. Nf3 Bg7 5. Bg5 c6 6. e3 Nbd7 7. cxd5 cxd5 8.
Qb3 Qb6 9. Bd3 e6 10. Ke2 h6 11. Bf4 Nh5 12. Be5 Qxb3 13. axb3 Bxe5 14. dxe5
O-O 15. Nb5 Nc5 16. Nc7 Rb8 17. Rxa7 Nxb3 18. Bb5 Ng7 19. g4 Rd8 20. Ra3 Nc5
21. Rc1 Na6 22. Nd4 Bd7 23. Bxd7 Rxd7 24. Nxa6 bxa6 25. b3 Ra8 26. Rca1 Rda7
27. b4 Rb7 28. b5 a5 29. Rxa5 Rab8 30. Ra7 Kf8 31. Kd3 Ne8 32. Rxb7 Rxb7 33.
Ra8 Re7 34. Kc3 Kg7 35. b6 1-0

[Event "IV Festival Costa Viola A"]
[Site "Sant'Eufemia d'Aspromonte ITA"]
[Date "2011.01.02"]
[Round "1"]
[White "Rotunno, Giuseppe"]
[Black "Petkov, Vladimir"]
[Result "0-1"]
[WhiteElo "2062"]
[BlackElo "2506"]
[PlyCount "76"]
[EventDate "2011.01.02"]

1. d4 Nf6 2. Nf3 c5 3. g3 cxd4 4. Nxd4 e5 5. Nf3 Nc6 6. Bg2 d5 7. O-O Be7 8. c4
d4 9. Bd2 O-O 10. Qc2 Bg4 11. Be1 e4 12. Ng5 d3 13. exd3 exd3 14. Qa4 Be2 15.
Bxc6 bxc6 16. Qxc6 Ng4 17. Nf3 Rc8 18. Qe4 Nf6 19. Qf5 Rc5 20. Ne5 Ng4 21. Bc3
Bd6 22. Nd2 Nxe5 23. Qe4 Re8 24. Qd4 Rxc4 25. Qxa7 Rc7 26. Qd4 Rd7 27. Rfc1 Qa8
28. b4 Bb8 29. Qc5 Ba7 30. Qb5 Rd5 31. a4 Rxb5 32. axb5 Ng4 33. Bd4 Nxf2 34.
Rc6 Bxd4 35. Rxa8 Rxa8 36. Kg2 h5 37. Nc4 Ng4 38. Rd6 Ne3+ 0-1

[Event "IV Festival Costa Viola A"]
[Site "Sant'Eufemia d'Aspromonte ITA"]
[Date "2011.01.02"]
[Round "1"]
[White "Naumkin, Igor"]
[Black "Cordi', Domenico"]
[Result "1-0"]
[WhiteElo "2499"]
[BlackElo "2053"]
[PlyCount "129"]
[EventDate "2011.01.02"]

1. d4 Nf6 2. c4 g6 3. Nc3 Bg7 4. e4 d6 5. Nf3 O-O 6. Be2 e5 7. O-O Nc6 8. d5
Ne7 9. b4 Nh5 10. Re1 f5 11. Ng5 Nf6 12. Bf3 f4 13. c5 h6 14. Ne6 Bxe6 15. dxe6
dxc5 16. Qb3 c6 17. bxc5 Qc8 18. Rd1 Kh7 19. Rb1 Rb8 20. Rd6 Re8 21. Bb2 g5 22.
Rbd1 Ng6 23. Be2 Re7 24. f3 h5 25. Nb1 b5 26. cxb6 Rxb6 27. Qc2 Rxe6 28. Rd8
Qb7 29. Bc3 Re8 30. Rxe8 Nxe8 31. Na3 Qe7 32. Nc4 Rb7 33. Qa4 Qc5+ 34. Kf1 Qb5
35. Qc2 Qc5 36. Qa4 Qb5 37. Qc2 Qc5 38. Be1 Nf6 39. Bf2 Qb4 40. a3 Qe7 41. Na5
Rc7 42. Bc5 Qe8 43. Bd6 Rc8 44. Ba6 Rd8 45. Nxc6 Rd7 46. Bb5 Qc8 47. Nb4 Qxc2
48. Nxc2 Rd8 49. Ke2 Bf8 50. Bxf8 Rxd1 51. Kxd1 Nxf8 52. Nb4 Ne6 53. Nc6 Nd4
54. Nxd4 exd4 55. Kd2 g4 56. Kd3 Kg6 57. Kxd4 h4 58. e5 h3 59. gxh3 g3 60. hxg3
fxg3 61. Bf1 Nh5 62. Ke4 Kg5 63. a4 a5 64. Bg2 Ng7 65. f4+ 1-0

[Event "IV Festival Costa Viola A"]
[Site "Sant'Eufemia d'Aspromonte ITA"]
[Date "2011.01.02"]
[Round "1"]
[White "Pinton, Maurizio"]
[Black "Lazic, Miroljub"]
[Result "0-1"]
[WhiteElo "2029"]
[BlackElo "2488"]
[PlyCount "82"]
[EventDate "2011.01.02"]

1. f4 c5 2. b3 Nc6 3. Bb2 d5 4. e3 a6 5. Nf3 Bg4 6. Be2 e6 7. O-O Nf6 8. Qe1
Nb4 9. Bd1 Bxf3 10. Rxf3 Qc7 11. d3 Nc6 12. Qg3 h5 13. Nd2 h4 14. Qe1 O-O-O 15.
e4 dxe4 16. dxe4 Nh5 17. e5 Nd4 18. Rf1 Be7 19. Ne4 f5 20. exf6 gxf6 21. Qe3
Ng7 22. c3 Ndf5 23. Qe1 Kb8 24. Bc2 Nh5 25. Bc1 Rdg8 26. Bd1 Qb6 27. Be3 Nxe3
28. Qxe3 Qc7 29. f5 exf5 30. Rxf5 Ng7 31. Rd5 Rd8 32. Rxd8+ Rxd8 33. Bf3 f5 34.
Nd2 c4 35. b4 Rd3 36. Qh6 Bd6 37. Nxc4 Bxh2+ 38. Kh1 Bf4 39. Qh8+ Rd8 40. Qxh4
Ne6 41. Re1 Bg3 0-1

[Event "IV Festival Costa Viola A"]
[Site "Sant'Eufemia d'Aspromonte ITA"]
[Date "2011.01.02"]
[Round "1"]
[White "Drasko, Milan"]
[Black "Panarello, Giuseppe"]
[Result "1-0"]
[WhiteElo "2486"]
[BlackElo "1971"]
[PlyCount "55"]
[EventDate "2011.01.02"]

1. Nf3 Nf6 2. g3 g6 3. Bg2 Bg7 4. O-O O-O 5. d4 d6 6. c4 a5 7. Nc3 Na6 8. e4 c5
9. h3 cxd4 10. Nxd4 Nc5 11. Be3 Nfd7 12. b3 Ne5 13. Qd2 Bd7 14. Rab1 Nc6 15.
Ndb5 Ne6 16. Nd5 Ra6 17. Rfd1 Nb8 18. Bh6 Bc6 19. Bxg7 Kxg7 20. Qc3+ Kg8 21. e5
Bxd5 22. Bxd5 Qd7 23. exd6 exd6 24. Rb2 Ng5 25. h4 Ne6 26. Rbd2 Rd8 27. Qf6 Nc6
28. Bg2 1-0

[Event "IV Festival Costa Viola A"]
[Site "Sant'Eufemia d'Aspromonte ITA"]
[Date "2011.01.02"]
[Round "1"]
[White "Gregori, Giacomo"]
[Black "Collutiis, Duilio"]
[Result "0-1"]
[WhiteElo "1948"]
[BlackElo "2463"]
[PlyCount "94"]
[EventDate "2011.01.02"]

1. d4 Nf6 2. Nf3 c5 3. d5 d6 4. c4 b5 5. a4 bxc4 6. Nc3 g6 7. e4 Bg7 8. Bxc4
O-O 9. O-O Ba6 10. Bb5 Ne8 11. Re1 Nc7 12. Qe2 Bxb5 13. axb5 Nd7 14. Bg5 Re8
15. Ra3 Qb8 16. Rea1 Bxc3 17. bxc3 f6 18. Bc1 Qxb5 19. c4 Qb7 20. Qa2 Reb8 21.
Nd2 a6 22. Rb1 Qc8 23. f4 Rb4 24. Rab3 Rab8 25. Ba3 Rxb3 26. Rxb3 a5 27. Bc1
Ra8 28. Bb2 a4 29. Rh3 e5 30. f5 Nf8 31. g4 Qd7 32. Qa3 Na6 33. Nf3 Rb8 34. Rg3
Rb3 35. Qa1 g5 36. Kf2 Nb4 37. Ke2 Qb7 38. Nd2 Rxg3 39. hxg3 Qa6 40. Bc3 Nd7
41. Qa3 Nc2 42. Qb2 Nd4+ 43. Bxd4 exd4 44. Kd1 a3 45. Qb5 Qxb5 46. cxb5 c4 47.
Kc2 a2 0-1

[Event "IV Festival Costa Viola A"]
[Site "Sant'Eufemia d'Aspromonte ITA"]
[Date "2011.01.02"]
[Round "1"]
[White "Rombaldoni, Axel"]
[Black "Luvera', Filippo"]
[Result "1-0"]
[WhiteElo "2453"]
[BlackElo "1930"]
[PlyCount "93"]
[EventDate "2011.01.02"]

1. e4 c5 2. Nf3 Nc6 3. c3 d6 4. d4 cxd4 5. cxd4 e6 6. Nc3 Nf6 7. Bd3 Be7 8. O-O
O-O 9. h3 h6 10. Re1 e5 11. d5 Nb8 12. Be3 Nbd7 13. Bf1 a6 14. g3 b6 15. b4 a5
16. a3 Ba6 17. Bxa6 Rxa6 18. Qd3 Ra8 19. Nh4 Re8 20. Nf5 Nf8 21. Nb5 N8h7 22.
Rac1 Rb8 23. Na7 Qd7 24. Nc6 Rb7 25. bxa5 bxa5 26. Ncxe7+ Rxe7 27. Nxe7+ Qxe7
28. Rc8+ Nf8 29. Rec1 Kh7 30. Kh2 Ng6 31. Qc2 Nh8 32. Rc7 Rxc7 33. Qxc7 Qxc7
34. Rxc7 Nxe4 35. Ra7 a4 36. Rxa4 Nc3 37. Ra6 Nxd5 38. Rxd6 Nc3 39. Rc6 Ne4 40.
a4 Ng6 41. a5 Ne7 42. Rc4 Nd6 43. Rc7 Nd5 44. Rd7 Nxe3 45. Rxd6 Nc4 46. Rd5 f6
47. Rc5 1-0

[Event "IV Festival Costa Viola A"]
[Site "Sant'Eufemia d'Aspromonte ITA"]
[Date "2011.01.02"]
[Round "1"]
[White "Blasco, Domenico"]
[Black "Marholev, Dimitar"]
[Result "0-1"]
[WhiteElo "1923"]
[BlackElo "2401"]
[PlyCount "106"]
[EventDate "2011.01.02"]

1. d4 Nf6 2. Nf3 g6 3. e3 Bg7 4. c4 O-O 5. Nc3 d6 6. Be2 Nbd7 7. O-O e5 8. b4
Re8 9. b5 e4 10. Nd2 Nf8 11. Qc2 Bf5 12. Ba3 h5 13. Nd5 N8h7 14. Rfc1 Ng5 15.
Nf4 Qd7 16. c5 dxc5 17. Qxc5 Rac8 18. Qxa7 Ra8 19. Qxb7 Rxa3 20. Rxc7 Qd8 21.
h4 Bc8 22. Qc6 Ne6 23. Nxe6 Bxe6 24. Bc4 Nd5 25. Bxd5 Bxd5 26. Qc2 Bf8 27. g3
Qb8 28. Rc3 Rxc3 29. Qxc3 Qxb5 30. a4 Qd3 31. Qb2 Rc8 32. Rc1 Rxc1+ 33. Qxc1
Bb4 34. Nf1 Bc4 35. Nh2 Qc3 36. Qd1 Bb3 37. Qb1 Qe1+ 38. Qxe1 Bxe1 39. Kf1 Ba5
40. f3 Bc2 41. Kf2 exf3 42. Kxf3 f5 43. Nf1 Bd1+ 44. Kf2 Bxa4 45. Nh2 Bc6 46.
Nf1 Kf7 47. Nh2 Ke6 48. Nf1 Be4 49. Nh2 Kd5 50. Nf1 Kc4 51. Nh2 Kd3 52. Nf3
Bxf3 53. Kxf3 Bc7 0-1

[Event "IV Festival Costa Viola A"]
[Site "Sant'Eufemia d'Aspromonte ITA"]
[Date "2011.01.02"]
[Round "1"]
[White "Kizov, Atanas"]
[Black "Pisacane, Pietro"]
[Result "1-0"]
[WhiteElo "2392"]
[BlackElo "1920"]
[PlyCount "55"]
[EventDate "2011.01.02"]

1. d4 Nf6 2. c4 g6 3. Nc3 Bg7 4. e4 d6 5. h3 O-O 6. Bg5 Nbd7 7. Nf3 e5 8. d5 a5
9. Nd2 Nc5 10. Be2 h6 11. Be3 Nfd7 12. g4 Qh4 13. Qc2 Na6 14. O-O-O Ndc5 15.
Rdg1 f5 16. g5 hxg5 17. Nf3 Qh8 18. Nxg5 fxe4 19. Ne6 Bxe6 20. dxe6 Nb4 21. Qd1
Nbd3+ 22. Kb1 Nxf2 23. Bxf2 Rxf2 24. Rxg6 Rf6 25. Qg1 Kh7 26. Bh5 Qf8 27. e7
Qh8 28. Rxf6 1-0

[Event "IV Festival Costa Viola A"]
[Site "Sant'Eufemia d'Aspromonte ITA"]
[Date "2011.01.02"]
[Round "1"]
[White "Carbone, Stefano"]
[Black "Dragojlovic, Andjelko"]
[Result "0-1"]
[WhiteElo "1905"]
[BlackElo "2383"]
[PlyCount "141"]
[EventDate "2011.01.02"]

1. c4 Nf6 2. g3 g6 3. Bg2 Bg7 4. Nc3 O-O 5. Nf3 d5 6. cxd5 Nxd5 7. O-O c5 8.
Nxd5 Qxd5 9. d3 Nc6 10. Nd2 Qh5 11. Bf3 Bg4 12. Bxg4 Qxg4 13. Nf3 Rfd8 14. Qc2
b6 15. a3 Rac8 16. Re1 h6 17. Rb1 Qh3 18. Qa4 Rd5 19. Nd2 Re5 20. Nf1 Qe6 21.
Ne3 Rh5 22. Qg4 Qxg4 23. Nxg4 Nd4 24. Bd2 Nb3 25. Bc3 Rd5 26. Ne3 Rd7 27. Red1
Rcd8 28. a4 e5 29. Re1 f6 30. Nc4 h5 31. h4 Kf7 32. Kg2 Bh6 33. Rh1 Re8 34.
Rhd1 Re6 35. Kf1 a6 36. Ke1 Rc6 37. Bd2 Bf8 38. Bc3 b5 39. axb5 axb5 40. Nd2
Nd4 41. Ra1 Nc2+ 42. Kf1 Nxa1 43. Rxa1 c4 44. dxc4 bxc4 45. Ne4 Rb7 46. Ra2 Be7
47. Bd2 f5 48. Ng5+ Bxg5 49. Bxg5 Rcb6 50. Ra4 Rc6 51. Ra2 Ke6 52. Bd2 Rbb6 53.
Bc3 Ra6 54. Rxa6 Rxa6 55. Ke1 f4 56. Kf1 Ra1+ 57. Kg2 Kf5 58. f3 fxg3 59. Kxg3
e4 60. Kg2 Rd1 61. Kg3 Rh1 62. Bd2 exf3 63. exf3 Rd1 64. Bc3 g5 65. hxg5 Kxg5
66. f4+ Kf5 67. Be5 Rf1 68. Bd6 Ke4 69. Bc7 Rf3+ 70. Kh4 Rxf4+ 71. Kxh5 0-1

[Event "IV Festival Costa Viola A"]
[Site "Sant'Eufemia d'Aspromonte ITA"]
[Date "2011.01.02"]
[Round "1"]
[White "Martorelli, Antonio"]
[Black "Balzano, Filli"]
[Result "1-0"]
[WhiteElo "2242"]
[BlackElo "1803"]
[PlyCount "93"]
[EventDate "2011.01.02"]

1. e4 c6 2. d4 d5 3. exd5 cxd5 4. c4 Nf6 5. Nc3 e6 6. Nf3 Nc6 7. Bg5 Be7 8. a3
O-O 9. c5 Re8 10. Bb5 a6 11. Bxc6 bxc6 12. O-O Qc7 13. Re1 Nd7 14. Be3 Bf6 15.
Qd2 e5 16. Bf4 Bb7 17. dxe5 Nxe5 18. Nxe5 Bxe5 19. Bxe5 Rxe5 20. Rxe5 Qxe5 21.
Re1 Qc7 22. Qd4 Qd7 23. Ne4 Re8 24. Rd1 Qe6 25. Ng3 Bc8 26. h3 Qe5 27. Qa4 Qc7
28. Rd3 h6 29. Qb4 Re7 30. Rb3 Qe5 31. Qb8 Qe6 32. Re3 Rb7 33. Rxe6 Rxb8 34.
Re8+ Kh7 35. Nf5 Ra8 36. Nd4 Bb7 37. Re7 Rb8 38. Rxf7 Kg6 39. Rc7 Ba8 40. b4
Kh7 41. f4 Re8 42. f5 Kh8 43. Ne6 Rg8 44. g4 Re8 45. Nxg7 Rb8 46. Nh5 Rd8 47.
Nf6 1-0

[Event "IV Festival Costa Viola A"]
[Site "Sant'Eufemia d'Aspromonte ITA"]
[Date "2011.01.02"]
[Round "2"]
[White "Collutiis, Duilio"]
[Black "Georgiev, Vladimir"]
[Result "1/2-1/2"]
[WhiteElo "2463"]
[BlackElo "2579"]
[PlyCount "97"]
[EventDate "2011.01.02"]

1. e4 e5 2. Nf3 Nc6 3. Bb5 a6 4. Bxc6 dxc6 5. O-O Qf6 6. d4 exd4 7. Bg5 Qd6 8.
Nxd4 Bd7 9. Nc3 Ne7 10. Be3 c5 11. Nde2 Qxd1 12. Raxd1 b6 13. Nf4 O-O-O 14. Rd2
Re8 15. Rfd1 Bc6 16. f3 g6 17. Ncd5 Nxd5 18. Nxd5 Bg7 19. c3 f5 20. Bf4 Bxd5
21. exd5 Kd7 22. c4 Be5 23. Bg3 h5 24. Kf1 h4 25. Bxe5 Rxe5 26. Re1 Rxe1+ 27.
Kxe1 h3 28. g3 b5 29. Re2 bxc4 30. Kd2 Kd6 31. Re6+ Kxd5 32. Rxg6 Rb8 33. Kc3
Re8 34. Rh6 Re3+ 35. Kd2 Rxf3 36. Rxh3 f4 37. Rh5+ Kd4 38. gxf4 Rf2+ 39. Kc1
Rxf4 40. Rh3 a5 41. Ra3 Rf1+ 42. Kc2 Rf2+ 43. Kc1 Rxh2 44. Rxa5 Rh3 45. Ra4 Kd5
46. Kc2 Rh8 47. Ra3 Rh2+ 48. Kc1 Rh1+ 49. Kc2 1/2-1/2

[Event "IV Festival Costa Viola A"]
[Site "Sant'Eufemia d'Aspromonte ITA"]
[Date "2011.01.02"]
[Round "2"]
[White "Petkov, Vladimir"]
[Black "Rombaldoni, Axel"]
[Result "1/2-1/2"]
[WhiteElo "2506"]
[BlackElo "2453"]
[PlyCount "69"]
[EventDate "2011.01.02"]

1. Nf3 Nf6 2. c4 g6 3. Nc3 Bg7 4. e4 c5 5. d4 cxd4 6. Nxd4 d6 7. Be2 O-O 8. O-O
a6 9. Be3 Nbd7 10. Qd2 Nc5 11. f3 Bd7 12. Rfd1 Rc8 13. Rac1 Re8 14. Bf1 h5 15.
Qf2 Qa5 16. a3 Na4 17. Nd5 Nxd5 18. exd5 Qc7 19. b3 Nc5 20. b4 Na4 21. Re1 e5
22. dxe6 Bxe6 23. Bd3 Bd7 24. f4 Nb2 25. Bf1 Rxe3 26. Qxe3 Re8 27. Qc3 Rxe1 28.
Rxe1 Qb6 29. c5 dxc5 30. bxc5 Qf6 31. Qxb2 Qxd4+ 32. Qxd4 Bxd4+ 33. Kh1 Bxc5
34. Rd1 Be6 35. a4 1/2-1/2

[Event "IV Festival Costa Viola A"]
[Site "Sant'Eufemia d'Aspromonte ITA"]
[Date "2011.01.02"]
[Round "2"]
[White "Lazic, Miroljub"]
[Black "Kizov, Atanas"]
[Result "1/2-1/2"]
[WhiteElo "2488"]
[BlackElo "2392"]
[PlyCount "63"]
[EventDate "2011.01.02"]

1. c4 c6 2. d4 d5 3. e3 Nf6 4. Nf3 e6 5. Nbd2 c5 6. cxd5 Nxd5 7. dxc5 Bxc5 8.
Bc4 O-O 9. O-O Nc6 10. Nb3 Be7 11. Qe2 Qc7 12. Bd2 Bf6 13. Rab1 Nb6 14. Bd3 e5
15. Rbc1 Qe7 16. Be4 Bg4 17. h3 Bh5 18. Nc5 Rac8 19. Rfd1 Bg6 20. Be1 Rfd8 21.
Qb5 Bxe4 22. Nxe4 Rxd1 23. Rxd1 Rd8 24. Nxf6+ gxf6 25. Qe2 Rxd1 26. Qxd1 Qd7
27. Qc2 Qd5 28. b3 e4 29. Nd2 f5 30. Nf1 Qe5 31. Ng3 Nd5 32. Bd2 1/2-1/2

[Event "IV Festival Costa Viola A"]
[Site "Sant'Eufemia d'Aspromonte ITA"]
[Date "2011.01.02"]
[Round "2"]
[White "Gangemi, Salvatore"]
[Black "Furnari, Franco"]
[Result "1-0"]
[WhiteElo "2096"]
[BlackElo "1942"]
[PlyCount "55"]
[EventDate "2011.01.02"]

1. c4 Nf6 2. Nf3 g6 3. g3 Bg7 4. Bg2 d6 5. O-O O-O 6. Nc3 e5 7. d4 Nc6 8. dxe5
Nxe5 9. Qb3 Rb8 10. Nxe5 dxe5 11. Bg5 Qd6 12. Nb5 Qb6 13. Be3 c5 14. Qa3 Nd7
15. Qxa7 Qxa7 16. Nxa7 b6 17. Nc6 Ba6 18. Nxb8 Rxb8 19. Rfd1 Nf8 20. Bd5 Bf6
21. h4 Bb7 22. b3 Ne6 23. Bxe6 fxe6 24. Rd6 Bc8 25. Bg5 Kf7 26. Rad1 Ra8 27.
Bxf6 Kxf6 28. a4 1-0

[Event "IV Festival Costa Viola A"]
[Site "Sant'Eufemia d'Aspromonte ITA"]
[Date "2011.01.02"]
[Round "2"]
[White "Luvera', Filippo"]
[Black "Rotunno, Giuseppe"]
[Result "1/2-1/2"]
[WhiteElo "1930"]
[BlackElo "2062"]
[PlyCount "74"]
[EventDate "2011.01.02"]

1. e4 d6 2. d4 Nf6 3. Nc3 g6 4. Nf3 Bg7 5. Be2 c5 6. dxc5 Qa5 7. O-O Qxc5 8. a3
a6 9. h3 O-O 10. Be3 Qc7 11. Qd2 Re8 12. Rad1 b5 13. Nd4 Bb7 14. f3 Nbd7 15.
Nb3 Ne5 16. Rfe1 Nc4 17. Bxc4 bxc4 18. Nd4 Rad8 19. Nde2 d5 20. exd5 Nxd5 21.
Nxd5 Rxd5 22. Qc1 Red8 23. Rxd5 Rxd5 24. Nc3 Rh5 25. Qd2 Bxf3 26. gxf3 Qg3+ 27.
Kf1 Rxh3 28. Qg2 Qh4 29. Bf2 Qh5 30. Qg4 Qh6 31. Ke2 Bf6 32. Be3 Rh2+ 33. Kd1
g5 34. Rf1 Qg6 35. Qe4 Qh5 36. Qg4 Qg6 37. Qe4 Qh5 1/2-1/2

[Event "IV Festival Costa Viola A"]
[Site "Sant'Eufemia d'Aspromonte ITA"]
[Date "2011.01.02"]
[Round "2"]
[White "Cordi', Domenico"]
[Black "Blasco, Domenico"]
[Result "1/2-1/2"]
[WhiteElo "2053"]
[BlackElo "1923"]
[PlyCount "123"]
[EventDate "2011.01.02"]

1. d4 Nf6 2. c4 c5 3. d5 b5 4. cxb5 a6 5. bxa6 e6 6. Nc3 Nxd5 7. Nxd5 exd5 8.
Qxd5 Nc6 9. e3 Be7 10. Nf3 Bxa6 11. Bxa6 Qa5+ 12. Bd2 Qxa6 13. Ne5 O-O 14. Nxc6
dxc6 15. Qf5 Bf6 16. Qxc5 Rfd8 17. Rc1 Bxb2 18. Rc2 Bf6 19. a3 Rab8 20. Qc4
Rb1+ 21. Bc1 Qxa3 22. O-O Qb3 23. Qxc6 h6 24. h3 Kh8 25. Qe4 Kg8 26. Qf5 Qb5
27. Qg4 Qd7 28. Qf3 Qd3 29. Qc6 Kh8 30. Rd2 Qb5 31. Rxd8+ Bxd8 32. Qxb5 Rxb5
33. Rd1 Bf6 34. Kf1 Kh7 35. Ke2 Kg6 36. f3 Bb2 37. Bd2 Bf6 38. Rc1 Rb7 39. Rc6
Rb2 40. g4 Ra2 41. h4 Kh7 42. h5 Ba1 43. f4 Ra7 44. Bb4 Bf6 45. Bc5 Rd7 46. Kf3
Rb7 47. Bd4 Be7 48. Ra6 Bb4 49. g5 hxg5 50. fxg5 Be7 51. Ra5 Rb1 52. e4 Rh1 53.
Kg4 Rd1 54. Rd5 Bb4 55. g6+ fxg6 56. hxg6+ Kxg6 57. Rg5+ Kf7 58. Rxg7+ Ke6 59.
Rg6+ Kf7 60. Rg7+ Ke6 61. Rg6+ Kf7 62. Rg7+ 1/2-1/2

[Event "IV Festival Costa Viola A"]
[Site "Sant'Eufemia d'Aspromonte ITA"]
[Date "2011.01.02"]
[Round "2"]
[White "Pisacane, Pietro"]
[Black "Pinton, Maurizio"]
[Result "1/2-1/2"]
[WhiteElo "1920"]
[BlackElo "2029"]
[PlyCount "45"]
[EventDate "2011.01.02"]

1. d4 d5 2. c4 e5 3. dxe5 d4 4. Nf3 Nc6 5. a3 Nge7 6. e3 Bg4 7. Be2 dxe3 8.
Qxd8+ Rxd8 9. Bxe3 Ng6 10. h3 Bxf3 11. Bxf3 Ngxe5 12. Bxc6+ Nxc6 13. O-O Bd6
14. Nd2 O-O 15. Nf3 Ne5 16. Nxe5 Bxe5 17. Rab1 b6 18. b3 Rd3 19. Rfd1 Rfd8 20.
Rxd3 Rxd3 21. Kf1 f6 22. Ke2 Rd7 23. Rd1 1/2-1/2

[Event "IV Festival Costa Viola A"]
[Site "Sant'Eufemia d'Aspromonte ITA"]
[Date "2011.01.02"]
[Round "2"]
[White "Panarello, Giuseppe"]
[Black "Carbone, Stefano"]
[Result "1-0"]
[WhiteElo "1971"]
[BlackElo "1905"]
[PlyCount "101"]
[EventDate "2011.01.02"]

1. d4 Nf6 2. Nf3 g6 3. c4 Bg7 4. Nc3 d6 5. e4 O-O 6. Be2 Bg4 7. O-O Nfd7 8. h3
Bxf3 9. Bxf3 Nc6 10. Be3 e5 11. d5 Ne7 12. Be2 f5 13. f3 f4 14. Bf2 g5 15. b4
Ng6 16. c5 a6 17. Qb3 Nf6 18. cxd6 cxd6 19. Rfc1 Rf7 20. a4 Bf8 21. a5 h5 22.
Rc2 Rg7 23. Bb6 Qe7 24. Nd1 Ne8 25. Nf2 Nh8 26. Rac1 Nf7 27. Rc8 Rxc8 28. Rxc8
Qd7 29. Qc2 Be7 30. Qc7 Qxc7 31. Bxc7 Kf8 32. Bb6 Nh6 33. b5 Kf7 34. bxa6 bxa6
35. Bxa6 g4 36. hxg4 hxg4 37. Kf1 Nf6 38. Bb5 g3 39. Nh3 Nh7 40. Be8+ Kf6 41.
a6 Bf8 42. Bd8+ Be7 43. Rc7 Bxd8 44. Rxg7 Kxg7 45. a7 Ng5 46. Nxg5 Bxg5 47.
a8=Q Ng8 48. Qb7+ Be7 49. Qd7 Kf8 50. Bg6 Nh6 51. Qe6 1-0

[Event "IV Festival Costa Viola A"]
[Site "Sant'Eufemia d'Aspromonte ITA"]
[Date "2011.01.02"]
[Round "2"]
[White "Balzano, Filli"]
[Black "Gregori, Giacomo"]
[Result "0-1"]
[WhiteElo "1803"]
[BlackElo "1948"]
[PlyCount "98"]
[EventDate "2011.01.02"]

1. e4 d6 2. d4 Nf6 3. Nc3 c6 4. a4 Nbd7 5. Nf3 e5 6. dxe5 dxe5 7. Be2 Bb4 8.
Bg5 O-O 9. O-O Qa5 10. Bd2 Qc7 11. Bd3 Nc5 12. Qe2 Bg4 13. h3 Bh5 14. Nb1 Bxd2
15. Nbxd2 Rfd8 16. Rfd1 Ne6 17. Qe3 Nd7 18. Nf1 Ndc5 19. Ng3 Bxf3 20. Qxf3 Rd4
21. b3 Rad8 22. Nf5 R4d7 23. g3 Nd4 24. Qg4 Nxf5 25. Qxf5 Nxd3 26. cxd3 Rxd3
27. Rxd3 Rxd3 28. Rb1 g6 29. Qg5 Qd6 30. Kg2 Rd2 31. Qg4 Qd3 32. Rf1 Qxb3 33.
Qc8+ Kg7 34. Qb8 Qb2 35. Qxa7 Rd4 36. a5 Ra4 37. Qc5 Qd4 38. Qe7 Qxe4+ 39. Kg1
Rxa5 40. Qxb7 Rb5 41. Qc7 c5 42. Rc1 Qd4 43. Qc6 Ra5 44. Kg2 Ra2 45. Rf1 c4 46.
Qf3 e4 47. Qd1 Rd2 48. Qa1 c3 49. Qc1 e3 0-1

[Event "IV Festival Costa Viola A"]
[Site "Sant'Eufemia d'Aspromonte ITA"]
[Date "2011.01.03"]
[Round "3"]
[White "Georgiev, Vladimir"]
[Black "Marholev, Dimitar"]
[Result "1/2-1/2"]
[WhiteElo "2579"]
[BlackElo "2401"]
[PlyCount "21"]
[EventDate "2011.01.02"]

1. d4 e6 2. c4 f5 3. Nc3 Nf6 4. Bg5 Bb4 5. e3 h6 6. Bxf6 Bxc3+ 7. bxc3 Qxf6 8.
Bd3 b6 9. Qf3 Nc6 10. e4 Bb7 11. Ne2 1/2-1/2

[Event "IV Festival Costa Viola A"]
[Site "Sant'Eufemia d'Aspromonte ITA"]
[Date "2011.01.03"]
[Round "3"]
[White "Kizov, Atanas"]
[Black "Petkov, Vladimir"]
[Result "1/2-1/2"]
[WhiteElo "2392"]
[BlackElo "2506"]
[PlyCount "20"]
[EventDate "2011.01.02"]

1. d4 Nf6 2. c4 e6 3. Nf3 d5 4. g3 dxc4 5. Qa4+ c6 6. Qxc4 b5 7. Qc2 Bb7 8. Bg2
Nbd7 9. a4 a6 10. O-O c5 1/2-1/2

[Event "IV Festival Costa Viola A"]
[Site "Sant'Eufemia d'Aspromonte ITA"]
[Date "2011.01.03"]
[Round "3"]
[White "Naumkin, Igor"]
[Black "Collutiis, Duilio"]
[Result "1/2-1/2"]
[WhiteElo "2499"]
[BlackElo "2463"]
[PlyCount "43"]
[EventDate "2011.01.02"]

1. d4 Nf6 2. c4 c5 3. d5 b5 4. cxb5 a6 5. bxa6 g6 6. Nc3 Bxa6 7. Nf3 d6 8. e4
Bxf1 9. Kxf1 Nbd7 10. g3 Bg7 11. Kg2 O-O 12. h3 Qa5 13. Re1 Nb6 14. e5 Nfd7 15.
exd6 exd6 16. Ne4 c4 17. Nxd6 Qc5 18. Ne4 Qxd5 19. Nc3 Qc6 20. Be3 Rfd8 21. Qe2
Re8 22. Kg1 1/2-1/2

[Event "IV Festival Costa Viola A"]
[Site "Sant'Eufemia d'Aspromonte ITA"]
[Date "2011.01.03"]
[Round "3"]
[White "Rombaldoni, Axel"]
[Black "Dragojlovic, Andjelko"]
[Result "1/2-1/2"]
[WhiteElo "2453"]
[BlackElo "2383"]
[PlyCount "39"]
[EventDate "2011.01.02"]

1. d4 Nf6 2. Nf3 g6 3. g3 Bg7 4. Bg2 O-O 5. c4 c6 6. O-O d5 7. cxd5 cxd5 8. Nc3
Ne4 9. Qb3 Nc6 10. Rd1 Nxc3 11. bxc3 Na5 12. Qb4 b6 13. Ne5 Ba6 14. c4 Bxc4 15.
Nxc4 Nxc4 16. e4 Rc8 17. exd5 Nd6 18. Bf4 a5 19. Qb3 b5 20. Bxd6 1/2-1/2

[Event "IV Festival Costa Viola A"]
[Site "Sant'Eufemia d'Aspromonte ITA"]
[Date "2011.01.03"]
[Round "3"]
[White "Gregori, Giacomo"]
[Black "Scerbo, Antonio"]
[Result "0-1"]
[WhiteElo "1948"]
[BlackElo "2123"]
[PlyCount "104"]
[EventDate "2011.01.02"]

1. c4 Nf6 2. Nc3 e5 3. g3 Bb4 4. Nf3 Bxc3 5. bxc3 Qe7 6. Bg2 O-O 7. O-O Nc6 8.
a4 Re8 9. Ba3 d6 10. Rb1 Rb8 11. Ne1 Bf5 12. Nc2 Qd7 13. Re1 Na5 14. d3 e4 15.
Ne3 exd3 16. Rb5 Rxe3 17. fxe3 Nxc4 18. exd3 Nxa3 19. Rb3 Qxa4 20. Rxb7 Qe8 21.
Qb3 Rxb7 22. Bxb7 Qb5 23. Qxb5 Nxb5 24. c4 Nc3 25. e4 Bd7 26. Ra1 Na4 27. d4
Kf8 28. Ra3 Ke7 29. Kg2 c5 30. d5 Nxe4 31. Bc6 Bxc6 32. dxc6 Nec3 33. Rb3 d5
34. Rb7+ Ke6 35. Rxa7 dxc4 36. Ra8 Nb6 37. c7 Kd7 38. Rf8 Kxc7 39. Rxf7+ Kd6
40. Kf1 g5 41. Rf6+ Kc7 42. Ke1 Nbd5 43. Rf5 g4 44. Rg5 Ne3 45. Rxc5+ Kd6 46.
Ra5 Ncd5 47. Ra7 h5 48. Ra6+ Ke5 49. Rh6 Ke4 50. Kd2 c3+ 51. Kc1 Nb4 52. Re6+
Kf3 0-1

[Event "IV Festival Costa Viola A"]
[Site "Sant'Eufemia d'Aspromonte ITA"]
[Date "2011.01.03"]
[Round "3"]
[White "Gangemi, Salvatore"]
[Black "Martorelli, Antonio"]
[Result "1/2-1/2"]
[WhiteElo "2096"]
[BlackElo "2242"]
[PlyCount "81"]
[EventDate "2011.01.02"]

1. c4 e5 2. g3 Nf6 3. Bg2 c6 4. Nf3 e4 5. Ng5 d5 6. cxd5 cxd5 7. O-O Nc6 8. d3
exd3 9. Qxd3 Be7 10. Nc3 Nb4 11. Qd1 d4 12. Qb3 O-O 13. a3 h6 14. axb4 hxg5 15.
Nd5 Nxd5 16. Bxd5 Qb6 17. e3 Bh3 18. Rd1 Rad8 19. Rxd4 Qb5 20. Qd3 Qxd3 21.
Rxd3 Bf5 22. e4 Bg4 23. Rxa7 Be2 24. Rd2 Bf3 25. Bxb7 Bxb4 26. Rxd8 Rxd8 27.
Ra8 Rxa8 28. Bxa8 g4 29. Be3 Kf8 30. Bd4 f5 31. h3 gxh3 32. Kh2 Bg2 33. Bc6
fxe4 34. Bd7 Bf1 35. Bxh3 Bd3 36. Kg1 Kf7 37. Bf1 Bc2 38. Bc4+ Kf8 39. Kf1 Bd1
40. Be2 Bb3 41. Kg1 1/2-1/2

[Event "IV Festival Costa Viola A"]
[Site "Sant'Eufemia d'Aspromonte ITA"]
[Date "2011.01.03"]
[Round "3"]
[White "Rotunno, Giuseppe"]
[Black "Panarello, Giuseppe"]
[Result "1/2-1/2"]
[WhiteElo "2062"]
[BlackElo "1971"]
[PlyCount "70"]
[EventDate "2011.01.02"]

1. b3 Nf6 2. Bb2 d5 3. Nf3 Bf5 4. g3 e6 5. Bg2 h6 6. d4 Bd6 7. Nbd2 O-O 8. O-O
Nbd7 9. Ne5 c6 10. Re1 Bb4 11. c3 Be7 12. e4 dxe4 13. Nxe4 Bxe4 14. Bxe4 Nxe5
15. dxe5 Qxd1 16. Raxd1 Nxe4 17. Rxe4 Rfd8 18. Red4 Kf8 19. Ba3 Rxd4 20. Bxe7+
Kxe7 21. Rxd4 Rd8 22. Rxd8 Kxd8 23. Kf1 Kc7 24. Ke2 Kb6 25. Kd3 Kc5 26. Ke4 b5
27. f4 g6 28. h3 h5 29. g4 hxg4 30. hxg4 a6 31. g5 a5 32. Kd3 a4 33. bxa4 bxa4
34. a3 Kb5 35. c4+ Kb6 1/2-1/2